MARC details
| 000 -LEADER |
| fixed length control field |
02845nam a2200409Ii 4500 |
| 001 - CONTROL NUMBER |
| control field |
9781787435636 |
| 003 - CONTROL NUMBER IDENTIFIER |
| control field |
UtOrBLW |
| 005 - DATE AND TIME OF LATEST TRANSACTION |
| control field |
20210303084940.0 |
| 006 - FIXED-LENGTH DATA ELEMENTS--ADDITIONAL MATERIAL CHARACTERISTICS |
| fixed length control field |
m o d |
| 007 - PHYSICAL DESCRIPTION FIXED FIELD--GENERAL INFORMATION |
| fixed length control field |
cr un||||||||| |
| 008 - FIXED-LENGTH DATA ELEMENTS--GENERAL INFORMATION |
| fixed length control field |
171218s2017 enk ob 001 0 eng d |
| 020 ## - INTERNATIONAL STANDARD BOOK NUMBER |
| International Standard Book Number |
9781787435636 |
| Qualifying information |
(e-book) |
| 040 ## - CATALOGING SOURCE |
| Original cataloging agency |
UtOrBLW |
| Language of cataloging |
eng |
| Description conventions |
rda |
| Transcribing agency |
UtOrBLW |
| 050 #4 - LIBRARY OF CONGRESS CALL NUMBER |
| Classification number |
GV716 |
| Item number |
.S66 2017 |
| 072 #7 - SUBJECT CATEGORY CODE |
| Subject category code |
KC |
| Source |
bicssc |
| 072 #7 - SUBJECT CATEGORY CODE |
| Subject category code |
BUS069000 |
| Source |
bisacsh |
| 080 ## - UNIVERSAL DECIMAL CLASSIFICATION NUMBER |
| Universal Decimal Classification number |
338.48 |
| 082 04 - DEWEY DECIMAL CLASSIFICATION NUMBER |
| Classification number |
338.47796 |
| Edition number |
23 |
| -- |
23 |
| 245 00 - TITLE STATEMENT |
| Title |
Sport business in leading economies / |
| Statement of responsibility, etc. |
edited by James Jianhui Zhang, Roger Haiyan Huang, John Nauright. |
| 264 #1 - PRODUCTION, PUBLICATION, DISTRIBUTION, MANUFACTURE, AND COPYRIGHT NOTICE |
| Name of producer, publisher, distributor, manufacturer |
Emerald Publishing Limited, |
| 300 ## - PHYSICAL DESCRIPTION |
| Extent |
1 online resource (vi, 534 pages) |
| 500 ## - GENERAL NOTE |
| General note |
Includes index. |
| 504 ## - BIBLIOGRAPHY, ETC. NOTE |
| Bibliography, etc. note |
Includes bibliographical references. |
| 520 ## - SUMMARY, ETC. |
| Summary, etc. |
From a renowned group of international scholars, this new work examines how leading economic countries use sport business, particularly individual sports events (such as the Olympics or FIFA Men's or Women's World Cup) as well as participant sport, in comprehensive plans toward driving and furthering economic development, raising brand awareness (country as a brand), transforming lagging communities, and enhancing travel and tourism in the country. Comparative sport studies are fundamentally designed for cross-country and cross-cultural understanding, learning, and improvement. By recognizing the achievements, administrative procedures, and management practices of peer countries and using them as a mirror or referencing parameter, government agencies and sport organizations of a country may be able to identify areas that need improvements in their own administration and cultivate development and growth in the country's sport industry. Exploring how China, Japan, South Korea, Russia, the UK, Germany, the US, Canada, Brazil, South Africa, and Australia have all used sport as a catalytic agent, each chapter delves into the country's sports industry by looking at: recent history and stages of the industry; current state including scope, magnitude, structure, governance, policies, facilities, and programs; developmental characteristics, strength, and highlights; contemporary challenges and issues; and trends of development and advancement. |
| 588 0# - SOURCE OF DESCRIPTION NOTE |
| Source of description note |
Print version record |
| 650 #0 - SUBJECT ADDED ENTRY--TOPICAL TERM |
| Topical term or geographic name entry element |
Sports |
| General subdivision |
Economic aspects. |
| 650 #0 - SUBJECT ADDED ENTRY--TOPICAL TERM |
| Topical term or geographic name entry element |
Hosting of sporting events |
| General subdivision |
Economic aspects. |
| 700 1# - ADDED ENTRY--PERSONAL NAME |
| Personal name |
Zhang, James J., |
| Dates associated with a name |
active 2017, |
| Relator term |
editor. |
| 700 1# - ADDED ENTRY--PERSONAL NAME |
| Personal name |
Huang, Haiyan, |
| Dates associated with a name |
active 2017, |
| Relator term |
editor. |
| 700 1# - ADDED ENTRY--PERSONAL NAME |
| Personal name |
Nauright, John, |
| Dates associated with a name |
active 2017, |
| Relator term |
editor. |
| 776 ## - ADDITIONAL PHYSICAL FORM ENTRY |
| International Standard Book Number |
9781787435643 |
| 856 40 - ELECTRONIC LOCATION AND ACCESS |
| Uniform Resource Identifier |
<a href="https://www.emerald.com/insight/publication/doi/10.1108/9781787435636">https://www.emerald.com/insight/publication/doi/10.1108/9781787435636</a> |